exile (Lyrics)- Taylor Swift ft. Bon Iver - Statistics

General Stats
  • This quiz has been taken 37 times
  • The average score is 407 of 453
Answer Stats
Answer % Correct
a
100%
I
100%
(I
100%
my
100%
no
100%
out
100%
out)
100%
see
100%
you
100%
You
100%
(You
100%
your
100%
And
96%
and
96%
anymore
96%
before
96%
can
96%
didn't
96%
(Didn't
96%
do
96%
door
96%
ending
96%
exile
96%
film
96%
I'm
96%
in
96%
is
96%
I've
96%
like
96%
Like
96%
not
96%
seen
96%
the
96%
there
96%
thin
96%
think
96%
this
96%
To
96%
to
96%
We
96%
were
96%
You're
96%
all
92%
All
92%
(All
92%
am
92%
amount
92%
but
92%
crying
92%
defending
92%
homeland
92%
it
92%
me
92%
now?
92%
now
92%
Of
92%
right
92%
seein'
92%
So
92%
so
92%
(So
92%
step
92%
time
92%
time)
92%
around
88%
around)
88%
for
88%
gave
88%
hear
88%
leavin'
88%
line
88%
many
88%
side
88%
sign
88%
sign)
88%
very
88%
what
88%
who
88%
always
83%
at
83%
crown
83%
even
83%
honey
83%
never
83%
(Never
83%
on
83%
problem
83%
standing
83%
town
83%
up
83%
walked
83%
warning
83%
arms
79%
body
79%
his
79%
leave
79%
leaving
79%
signs)
79%
signs
79%
With
79%
with
79%
bloody
75%
breaking
75%
chances
75%
eyes
75%
five
75%
funny
75%
here
75%
he's
75%
injury
75%
insult
75%
joke's
75%
just
75%
Laughin'
75%
learned
75%
love
75%
mind
75%
mind)
75%
minutes
75%
offending
75%
pack
75%
read
75%
Second
75%
third
75%
Those
75%
took
75%
understudy
75%
us
75%
whole
75%
add
71%
Balancin'
71%
branches
71%
get
71%
Holdin'
71%
knuckles
71%
starin'
71%
things
71%
turn
71%
you'd
71%
hall
67%
hundredth
67%
times)
67%
couldn't
63%
turned
63%
'Cause
58%
No matching quizzes found
Score Distribution
Percent of People with Each Score
Percentile by Number Answered
Your Score History
You have not taken this quiz